000 00589nam a2200217 i 4500
001 C2-0081780
003 PPAK
005 20180727084633.0
008 970429s1985 enka|||| ||||| | eng d
040 _aPPAK
_beng
_cPPAK
_erda
082 0 4 _a943.15
_223
090 0 0 _a943.15
_bGRO
_dG
100 1 _aGross, Leonard,
_eauthor
245 1 4 _aThe last Jews in Berlin
264 1 _aLondon :
_bSidgwick & Jackson ,
_c1985
300 _a349 pages :
_billustrations ;
_c18 cm
336 _2rdacontent
_atext
337 _2rdamedia
_aunmediated
338 _2rdacarrier
_avolume
942 _ddc
_cB
999 _c14860
_d14860